Ceracap inai

Bibliographic Details
Main Author: Mohd Hairil Anuar Bari (Author)
Format: Book
Published: Kuala Lumpur : Dewan Bahasa dan Pustaka 2023
Series:Siri Asas Tarian Melayu
Subjects:

MARC

LEADER 00000cam a2200000 7i4500
001 0000093742
005 20240131120640.0
008
020 |a 9789834937775 (  |q paperback) 
040 |e rda 
041 |a Malay 
090 0 0 |a 793.319595   |b MOH 
100 0 |a Mohd Hairil Anuar Bari ,   |e (author) 
245 1 0 |a Ceracap inai   |c Mohd Hairil Anuar Bari 
264 1 |a Kuala Lumpur :   |b Dewan Bahasa dan Pustaka   |c 2023 
300 |a 60 pages :   |b colour illustration ;   |c 19 cm. 
336 |a text  |2 rdacontent 
337 |a unmediated  |2 rdamedia 
338 |a volume  |2 rdacarrier 
490 1 |a Siri Asas Tarian Melayu 
500 |a Includes index 
504 |a Includes bibliographical references 
541 |c Donation book   |f Inisiatif Belanjawan 2023 
650 0 |a Folk dancing,Malay   |z Malaysia 
650 0 |a Folk dancing   |z Malaysia   |z Johor 
650 0 |a Government publications   |z Malaysia 
730 0 |a Title 
999 |a 0001753019   |b Book   |c Adult Collection   |e Desa - PPAJ 
999 |a 0001753020   |b Book   |c Adult Collection   |e Desa - PPAJ 
999 |a 0001753021   |b Book   |c Adult Collection   |e Desa - PPAJ 
999 |a 0001753022   |b Book   |c Adult Collection   |e Desa - PPAJ 
999 |a 0001753023   |b Book   |c Adult Collection   |e Desa - PPAJ 
999 |a 0001753024   |b Book   |c Adult Collection   |e Desa - PPAJ 
999 |a 0001753025   |b Book   |c Adult Collection   |e Desa - PPAJ 
999 |a 0001753026   |b Book   |c Adult Collection   |e Desa - PPAJ 
999 |a 0001753027   |b Book   |c Adult Collection   |e Desa - PPAJ 
999 |a 0001753028   |b Book   |c Adult Collection   |e Desa - PPAJ 
999 |a 0001753029   |b Book   |c Adult Collection   |e Desa - PPAJ 
999 |a 0001753030   |b Book   |c Adult Collection   |e Desa - PPAJ 
999 |a 0001753031   |b Book   |c Adult Collection   |e Desa - PPAJ 
999 |a 0001753032   |b Book   |c Adult Collection   |e Desa - PPAJ 
999 |a 0001753033   |b Book   |c Adult Collection   |e Desa - PPAJ 
999 |a 0001753034   |b Book   |c Adult Collection   |e Desa - PPAJ 
999 |a 0001753035   |b Book   |c Adult Collection   |e Desa - PPAJ 
999 |a 0001753036   |b Book   |c Adult Collection   |e Desa - PPAJ 
999 |a 0001753037   |b Book   |c Adult Collection   |e Desa - PPAJ 
999 |a 0001753038   |b Book   |c Adult Collection   |e Desa - PPAJ 
999 |a 0001753039   |b Book   |c Adult Collection   |e Desa - PPAJ 
999 |a 0001753040   |b Book   |c Adult Collection   |e Desa - PPAJ 
999 |a 0001753041   |b Book   |c Adult Collection   |e Desa - PPAJ 
999 |a 0001753042   |b Book   |c Adult Collection   |e Desa - PPAJ 
999 |a 0001753043   |b Book   |c Adult Collection   |e Desa - PPAJ 
999 |a 0001753044   |b Book   |c Adult Collection   |e Desa - PPAJ 
999 |a 0001753045   |b Book   |c Adult Collection   |e Desa - PPAJ 
999 |a 0001753046   |b Book   |c Adult Collection   |e Desa - PPAJ 
999 |a 0001753048   |b Book   |c Adult Collection   |e Desa - PPAJ 
999 |a 0001753049   |b Book   |c Adult Collection   |e Desa - PPAJ 
999 |a 0001753050   |b Book   |c Adult Collection   |e Desa - PPAJ 
999 |a 0001753051   |b Book   |c Adult Collection   |e Desa - PPAJ 
999 |a 0001753052   |b Book   |c Adult Collection   |e Desa - PPAJ 
999 |a 0001753054   |b Book   |c Adult Collection   |e Desa - PPAJ 
999 |a 0001753055   |b Book   |c Adult Collection   |e Desa - PPAJ 
999 |a 0001753056   |b Book   |c Adult Collection   |e Desa - PPAJ 
999 |a 0001753057   |b Book   |c Adult Collection   |e Desa - PPAJ 
999 |a 0001753058   |b Book   |c Adult Collection   |e Desa - PPAJ 
999 |a 0001753059   |b Book   |c Adult Collection   |e Desa - PPAJ 
999 |a 0001753448   |b Book   |c Adult Collection   |e Perbadanan Perpustakaan Awam Johor 
999 |a 0001753449   |b Book   |c Adult Collection   |e Cawangan Urban Transformation Centre 
999 |a 0001753450   |b Book   |c Adult Collection   |e Cawangan AEON Kulaijaya 
999 |a 0001753451   |b Book   |c Adult Collection   |e Cawangan Bandar Penawar 
999 |a 0001753452   |b Book   |c Adult Collection   |e Perbadanan Perpustakaan Awam Johor 
999 |a 0001753453   |b Book   |c Adult Collection   |e Cawangan Tangkak 
999 |a 0001753454   |b Book   |c Adult Collection   |e Cawangan Taman Sri Lambak 
999 |a 0001753455   |b Book   |c Adult Collection   |e Cawangan Pontian 
999 |a 0001753456   |b Book   |c Adult Collection   |e Cawangan Bukit Gambir 
999 |a 0001753457   |b Book   |c Adult Collection   |e Cawangan Batu Pahat 
999 |a 0001753458   |b Book   |c Adult Collection   |e Cawangan Mersing 
999 |a 0001753459   |b Book   |c Adult Collection   |e Cawangan Kota Tinggi 
999 |a 0001753460   |b Book   |c Adult Collection   |e Cawangan Segamat 
999 |a 0001753461   |b Book   |c Adult Collection   |e Cawangan Muar 
999 |a 0001753462   |b Book   |c Adult Collection   |e Cawangan Tmn. Ungku Tun Aminah 
999 |a 0001753463   |b Book   |c Adult Collection   |e Cawangan Bandar Tenggara 
999 |a 0001753464   |b Book   |c Adult Collection   |e Cawangan Bandar Penawar 
999 |a 0001753465   |b Book   |c Adult Collection   |e Perbadanan Perpustakaan Awam Johor 
999 |a 0001753636   |b Book   |c Adult Collection   |e Desa - PPAJ 
999 |a 0001753637   |b Book   |c Adult Collection   |e Desa - PPAJ